00441nam a2200157Ia 4500008004100000020001400041082001500055100001800070245003000088250000700118260004000125300002800165500001900193600002100212650005000233240925s9999 xx 000 0 und d a201694034 a005.75 LAN aLanger, Maria 0aPage Mill 2: for windows  aNA aCalifornia:bPeachpit Pressc,1997. axxi,230p.bNAfOriginal aIncludes Index aComputer Science aComputer science, information & general works